Robert D. Richardson, Trois philosophes en deuil. Comment Emerson, Thoreau et William James ont surmonté leur chagrin. Traducción del inglés (Estados Unidos) por Frédéric Joly. Premier Parallèle, 2025, 180 páginas, 17 euros. (notice n° 1516701)
[ vue normale ]
| 000 -LEADER | |
|---|---|
| fixed length control field | 00628cam a2200145 4500500 |
| 005 - DATE AND TIME OF LATEST TRANSACTION | |
| control field | 20251012005127.0 |
| 041 ## - LANGUAGE CODE | |
| Language code of text/sound track or separate title | fre |
| 042 ## - AUTHENTICATION CODE | |
| Authentication code | dc |
| 100 10 - MAIN ENTRY--PERSONAL NAME | |
| Personal name | Cordemoy, Laurent |
| Relator term | author |
| 245 00 - TITLE STATEMENT | |
| Title | Robert D. Richardson, Trois philosophes en deuil. Comment Emerson, Thoreau et William James ont surmonté leur chagrin. Traducción del inglés (Estados Unidos) por Frédéric Joly. Premier Parallèle, 2025, 180 páginas, 17 euros. |
| 260 ## - PUBLICATION, DISTRIBUTION, ETC. | |
| Date of publication, distribution, etc. | 2025.<br/> |
| 500 ## - GENERAL NOTE | |
| General note | 10 |
| 786 0# - DATA SOURCE ENTRY | |
| Note | Études | - | 9 | 2025-09-01 | p. 133a-134 |
| 856 41 - ELECTRONIC LOCATION AND ACCESS | |
| Uniform Resource Identifier | <a href="https://shs.cairn.info/revista-etudes-2025-9-page-133a?lang=es&redirect-ssocas=7080">https://shs.cairn.info/revista-etudes-2025-9-page-133a?lang=es&redirect-ssocas=7080</a> |
Pas d'exemplaire disponible.




Réseaux sociaux